Elements of Materials Science and Engineering (Record no. 1886)
[ view plain ]
| 000 -LEADER | |
|---|---|
| fixed length control field | 00955pam a2200289 a 4500 |
| 001 - CONTROL NUMBER | |
| control field | 4328562 |
| 003 - CONTROL NUMBER IDENTIFIER | |
| control field | OSt |
| 005 - DATE AND TIME OF LATEST TRANSACTION | |
| control field | 20231021120327.0 |
| 008 - FIXED-LENGTH DATA ELEMENTS--GENERAL INFORMATION | |
| fixed length control field | 880421s1989 maua b 001 0 eng |
| 010 ## - LIBRARY OF CONGRESS CONTROL NUMBER | |
| LC control number | 88015383 |
| 020 ## - INTERNATIONAL STANDARD BOOK NUMBER | |
| International Standard Book Number | 0201093146 |
| 040 ## - CATALOGING SOURCE | |
| Original cataloging agency | DLC |
| Transcribing agency | DLC |
| Modifying agency | DLC |
| 050 00 - LIBRARY OF CONGRESS CALL NUMBER | |
| Classification number | TA403 |
| Item number | .V35 1989 |
| 082 00 - DEWEY DECIMAL CLASSIFICATION NUMBER | |
| Classification number | 620.11 VAN 1989 |
| Edition number | 19 |
| 100 1# - MAIN ENTRY--PERSONAL NAME | |
| Personal name | Van Vlack, Lawrence H. |
| 9 (RLIN) | 4955 |
| 245 10 - TITLE STATEMENT | |
| Title | Elements of Materials Science and Engineering |
| 250 ## - EDITION STATEMENT | |
| Edition statement | 6th ed. |
| 260 ## - PUBLICATION, DISTRIBUTION, ETC. (IMPRINT) | |
| Place of publication, distribution, etc. | Reading, Mass; |
| Name of publisher, distributor, etc. | Addison-Wesley, |
| Date of publication, distribution, etc. | c1989. |
| 300 ## - PHYSICAL DESCRIPTION | |
| Extent | xxi, 598 p. : |
| Other physical details | ill. (some col.) ; |
| Dimensions | 24 cm. |
| 440 #0 - SERIES STATEMENT/ADDED ENTRY--TITLE | |
| Title | Addison-Wesley series in metallurgy and materials engineering |
| 9 (RLIN) | 4956 |
| 500 ## - GENERAL NOTE | |
| General note | Includes index. |
| 504 ## - BIBLIOGRAPHY, ETC. NOTE | |
| Bibliography, etc | Bibliography: p. 581-583. |
| 650 #0 - SUBJECT ADDED ENTRY--TOPICAL TERM | |
| Topical term or geographic name as entry element | Science materials. |
| 9 (RLIN) | 4946 |
| 650 #0 - SUBJECT ADDED ENTRY--TOPICAL TERM | |
| Topical term or geographic name as entry element | Engineering |
| 9 (RLIN) | 4957 |
| 942 ## - ADDED ENTRY ELEMENTS (KOHA) | |
| Source of classification or shelving scheme | Other/Generic Classification Scheme |
| Koha item type | Short Loan |
| Withdrawn status | Lost status | Source of classification or shelving scheme | Damaged status | Not for loan | Home library | Current library | Date acquired | Source of acquisition | Inventory number | Total Checkouts | Full call number | Barcode | Date last seen | Koha item type |
|---|---|---|---|---|---|---|---|---|---|---|---|---|---|---|
| Dewey Decimal Classification | MUST Main Library | MUST Main Library | 26/05/2015 | Purchase | 03/19509 | 620.11 VAN 1989 | 2015-1608 | 26/05/2015 | Short Loan | |||||
| Dewey Decimal Classification | MUST Main Library | MUST Main Library | 26/05/2015 | Purchase | 03/19508 | 620.11 VAN 1989 | 2015-1609 | 26/05/2015 | Short Loan | |||||
| Dewey Decimal Classification | MUST Main Library | MUST Main Library | 26/05/2015 | Purchase | 03/19507 | 620.11 VAN 1989 | 2015-1610 | 26/05/2015 | Short Loan |
